[Event "Mikenas Memorial 2015"]
[Site "Vilnius LTU"]
[Date "2015.09.14"]
[Round "4.1"]
[White "Aleksandrov,A"]
[Black "Meskovs,N"]
[Result "1-0"]
[WhiteElo "2619"]
[BlackElo "2493"]

1.d4 Nf6 2.c4 c5 3.d5 e6 4.Nc3 exd5 5.cxd5 d6 6.Nf3 g6 7.Bf4 a6 8.Nd2 b5
9.e4 Bg7 10.Be2 O-O 11.O-O Re8 12.Bf3 Bb7 13.Qc2 Qb6 14.a4 Nbd7 15.Qb3 Reb8
16.axb5 axb5 17.Qxb5 Ba6 18.Qxb6 Nxb6 19.Rfe1 Ne8 20.e5 dxe5 21.Bxe5 Bxe5
22.Rxe5 Nc4 23.Nxc4 Bxc4 24.Rxa8 Rxa8 25.g4 Nd6 26.Re7 h5 27.h3 hxg4 28.hxg4 Bd3
29.Rc7 c4 30.Rc6 Rd8 31.Rb6 g5 32.Na2 Ne4 33.Nb4 Nd2 34.Kg2 Bf1+ 35.Kg3 Kg7
36.Bg2 Bxg2 37.Kxg2 Ne4 38.Kf3 Nc5 39.Rb5 Nb3 40.Nc6 Rd6 41.Ke3 Rh6 42.Ne5  1-0

[Event "Mikenas Memorial 2015"]
[Site "Vilnius LTU"]
[Date "2015.09.15"]
[Round "5.4"]
[White "Gleizerov,E"]
[Black "Kovalev,An"]
[Result "1/2-1/2"]
[WhiteElo "2509"]
[BlackElo "2526"]

1.d4 Nf6 2.c4 c5 3.d5 e6 4.Nc3 exd5 5.cxd5 d6 6.Nf3 g6 7.g3 Bg7 8.Bg2 O-O
9.O-O a6 10.a4 Nbd7 11.Bf4 Qe7 12.h3 Nh5 13.Bg5 f6 14.Bd2 f5 15.Qc1 Ne5 16.Nxe5 Bxe5
17.Bg5 Bf6 18.Bh6 Bg7 19.Bg5 Bf6 20.Bh6 Bg7 21.Bg5 Bf6  1/2-1/2

[Event "ch-POR 2015"]
[Site "Lisbon POR"]
[Date "2015.09.16"]
[Round "5.4"]
[White "Ferreira,Jor1"]
[Black "Rocha,S"]
[Result "1/2-1/2"]
[WhiteElo "2468"]
[BlackElo "2396"]

1.d4 Nf6 2.c4 c5 3.d5 e6 4.Nc3 exd5 5.cxd5 d6 6.Nf3 g6 7.Bf4 a6 8.a4 Bg7
9.h3 O-O 10.e3 Qe7 11.Nd2 Nbd7 12.Be2 Ne5 13.O-O Nfd7 14.Bh2 f5 15.Re1 g5
16.f4 Ng6 17.Bd3 Rb8 18.Nf3 g4 19.hxg4 fxg4 20.Ng5 Nde5 21.Be2 Nf7 22.Ne6 h5
23.Bd3 Nh4 24.Nxg7 Kxg7 25.e4 Rg8 26.Qd2 Kf8 27.Re3 Nf3+ 28.gxf3 g3 29.Re2 Qh4
30.Kh1 Bh3 31.Rg1 Ke7 32.e5 gxh2 33.exd6+ Kd7 34.Rxg8  1/2-1/2

[Event "25th EY BU18 2015"]
[Site "Porec CRO"]
[Date "2015.09.21"]
[Round "1.20"]
[White "Eggink,R"]
[Black "Cingoz,O"]
[Result "1-0"]
[WhiteElo "2324"]
[BlackElo "1988"]

1.d4 Nf6 2.c4 c5 3.d5 e6 4.Nc3 exd5 5.cxd5 d6 6.Nf3 g6 7.g3 Bg7 8.Bg2 O-O
9.O-O Na6 10.e4 Bg4 11.h3 Bxf3 12.Qxf3 Nd7 13.Qe2 Nc7 14.a4 a6 15.a5 Rb8
16.Bd2 Re8 17.Rfd1 Qe7 18.Qd3 b5 19.axb6 Rxb6 20.Na4 Rb7 21.Bc3 Rbb8 22.f4 Bxc3
23.bxc3 Nb6 24.Nxc5 dxc5 25.d6 Qd8 26.dxc7 Qxc7 27.Qxa6 Qc6 28.Rab1 Kg7 29.f5 gxf5
30.exf5 Qc7 31.Kh2 Nd7 32.f6+ Kh8 33.Rxb8 Nxb8 34.Qb7 Rc8  1-0

[Event "25th EY BU16 2015"]
[Site "Porec CRO"]
[Date "2015.09.22"]
[Round "2.18"]
[White "Percivaldi,Martin"]
[Black "Kutsanyan,Andranik"]
[Result "1-0"]
[WhiteElo "2246"]
[BlackElo "2007"]

1.d4 Nf6 2.c4 e6 3.Nf3 c5 4.d5 exd5 5.cxd5 d6 6.Nc3 g6 7.Bf4 Bg7 8.h3 O-O
9.e3 Na6 10.Nd2 Re8 11.Bb5 Bd7 12.Be2 Bf5 13.O-O Nc7 14.Nc4 Bf8 15.a4 b6
16.Bf3 Bc8 17.Re1 Ba6 18.Na3 Nd7 19.Be2 Ne5 20.Bg3 f5 21.Bxa6 Nxa6 22.e4 Qf6
23.f4 Nf7 24.Qe2 Nb4 25.e5 dxe5 26.fxe5 Qg5 27.Qf3 Rad8 28.Rad1 Bg7 29.e6 Nd6
30.Bxd6 Rxd6 31.Ncb5 Rdd8 32.Nc7 Bd4+ 33.Rxd4 cxd4 34.Nxe8 Rxe8 35.d6 Qd8
36.Nb5 Na6 37.e7 Qd7 38.Qd5+ Kg7 39.Qxd4+ Kf7 40.Qd5+ Kg7 41.Qe6 Qxe6 42.Rxe6 Nc5
43.Re2 Kf7 44.d7  1-0

[Event "25th EY BU14 2015"]
[Site "Porec CRO"]
[Date "2015.09.22"]
[Round "2.7"]
[White "Sonis,Francesco"]
[Black "Lagarde,Dimitri"]
[Result "1-0"]
[WhiteElo "2283"]
[BlackElo "2099"]

1.d4 Nf6 2.Nf3 c5 3.d5 e6 4.c4 exd5 5.cxd5 d6 6.Nc3 g6 7.Bf4 a6 8.a4 Bg7
9.h3 O-O 10.e3 Re8 11.Bd3 Nbd7 12.O-O Nh5 13.Bh2 f5 14.Nd2 Ne5 15.Be2 Nf6
16.Re1 Rb8 17.a5 Qe7 18.Qb3 Nfd7 19.f4 Ng4 20.Bxg4 fxg4 21.hxg4 Nf6 22.g5 Ng4
23.Bg3 Bf5 24.Nd1 Be4 25.Nxe4 Qxe4 26.Ra4 Qf5 27.e4 Qf7 28.Qf3 Qd7 29.Ra3 b6
30.axb6 Rxb6 31.Rb3 Bd4+ 32.Nf2 Rxb3 33.Qxb3 Rf8 34.Qf3 Nxf2 35.Bxf2 Bxb2
36.Qe2 Bg7 37.g3 a5 38.Qd2 Qc7 39.e5 dxe5 40.d6 Qd7 41.fxe5 Re8 42.Qd5+ Re6
43.Rb1 Bxe5 44.Rb8+ Kg7 45.Rb7  1-0

[Event "25th EY GU16 2015"]
[Site "Porec CRO"]
[Date "2015.09.23"]
[Round "3.7"]
[White "Shpanko,Nadiia"]
[Black "Gueci,Tea"]
[Result "0-1"]
[WhiteElo "1968"]
[BlackElo "2110"]

1.d4 Nf6 2.c4 c5 3.d5 e6 4.Nc3 exd5 5.cxd5 d6 6.Nf3 g6 7.e4 Bg7 8.Nd2 O-O
9.Be2 Re8 10.O-O Na6 11.f3 Nc7 12.a4 b6 13.Nc4 Ba6 14.Ne3 Bxe2 15.Nxe2 a6
16.Nc4 b5 17.Na5 Nd7 18.Nc6 Qf6 19.Nc3 Ne5 20.Na5 c4 21.Nc6 Nxc6 22.dxc6 b4
23.Ne2 Rad8 24.Qc2 d5 25.exd5 Qe7 26.Qxc4 Qxe2 27.Qxb4 Nxd5 28.Qh4 Ne3 29.Bxe3 Qxe3+
30.Kh1 Rd4 31.Qh3 f5 32.Rac1 Bh6 33.Rb1 Rc4 34.b4 Rxc6 35.b5 axb5 36.axb5 Rb6
37.Qh4 Qf4 38.Qf2 Reb8  0-1

[Event "25th EY BU14 2015"]
[Site "Porec CRO"]
[Date "2015.09.24"]
[Round "4.34"]
[White "Omorjan,Dejan"]
[Black "Kolar,Mihael"]
[Result "1-0"]
[WhiteElo "1992"]
[BlackElo "1661"]

1.d4 Nf6 2.c4 e6 3.Nf3 c5 4.d5 exd5 5.cxd5 d6 6.Nc3 g6 7.e4 Bg7 8.Bg5 O-O
9.Be2 Re8 10.Qc2 Na6 11.O-O Nc7 12.Nd2 h6 13.Be3 Rb8 14.a4 a6 15.a5 b5 16.axb6 Rxb6
17.Nc4 Rb8 18.Bf4 Nxe4 19.Nxe4 Nb5 20.Bd3 Bf5 21.Ncxd6 Nxd6 22.Nxd6 Rxb2
23.Qd1 Bxd3 24.Qxd3 Ree2 25.Rae1 Rxe1 26.Rxe1 Qa5 27.Rd1 Qa2 28.Be3 Rb4 29.Bxc5 Rb3
30.Qe4 Rb2 31.Be3 Re2 32.Qe8+ Kh7 33.Qxf7 Qc2 34.Rf1 Qc3 35.Ne8 a5 36.Qxg7+ Qxg7
37.Nxg7 Kxg7 38.d6 Kf7 39.d7 Ke7 40.Rd1  1-0

[Event "TCh-ISL Div 1 2015-16"]
[Site "Reykjavik ISL"]
[Date "2015.09.24"]
[Round "1.3"]
[White "Kristinsson,J"]
[Black "Kristjansson,St"]
[Result "1-0"]
[WhiteElo "2239"]
[BlackElo "2485"]

1.d4 Nf6 2.c4 e6 3.Nf3 c5 4.d5 d6 5.Nc3 exd5 6.cxd5 g6 7.Bf4 a6 8.a4 Bg7
9.e4 O-O 10.Be2 Bg4 11.O-O Re8 12.Qc2 Nh5 13.Bg5 Bf6 14.Bh6 Nd7 15.Rfe1 Rb8
16.a5 b6 17.axb6 Rxb6 18.h3 Bxf3 19.Bxf3 Ng7 20.Ra2 Bd4 21.Qd2 Ne5 22.Be2 Qh4
23.Be3 Bxe3 24.Qxe3 f5 25.Bf1 fxe4 26.Qg3 Qxg3 27.fxg3 e3 28.Rxa6 Rxb2 29.Ne4 Rf8
30.Nxd6 Rd2 31.Ne4 Nf5 32.g4 Rd4 33.Nxc5 Ng3 34.Ne6 Rxd5 35.Nxf8 Nxf1 36.Rf6 Nd3
37.Ne6  1-0

[Event "Vasteras Open 2015"]
[Site "Vasteras SWE"]
[Date "2015.09.25"]
[Round "2.10"]
[White "Wiedenkeller,M"]
[Black "Evertsson,L"]
[Result "1/2-1/2"]
[WhiteElo "2453"]
[BlackElo "2130"]

1.d4 Nf6 2.c4 e6 3.Nc3 c5 4.d5 exd5 5.cxd5 d6 6.Nf3 g6 7.Bg5 h6 8.Bh4 g5
9.Bg3 Bg7 10.e3 O-O 11.Nd2 Bg4 12.Qc2 Nh5 13.Bd3 Re8 14.Nc4 Nxg3 15.hxg3 Na6
16.a3 Nc7 17.Bh7+ Kf8 18.Bf5 Bxf5 19.Qxf5 b5 20.Na5 Re5 21.Qf3 Qc8 22.Nc6 Rf5
23.Qe4 Qd7 24.g4 Rf6 25.f3 a5 26.Ne2 Re8 27.Qd3 c4 28.Qd2 Na6 29.Rd1 Nc5
30.Nc1 Rf4 31.O-O Rf6 32.Nxa5 h5 33.gxh5 g4 34.Qe2 g3 35.f4 Qf5 36.Qf3 Ne4
37.Ne2 Rh6 38.Nxg3 Nxg3 39.Qxg3 Qxh5 40.Rd2 c3 41.Rc2 cxb2 42.Kf2 Qxd5 43.Qf3 Qd3
44.Qe2 Qxa3 45.Nc6 Rhe6 46.Qd2 Rxe3 47.Kg1 Rd3 48.Qf2 Qb3 49.Rb1 Rde3 50.Kh2 Qd5
51.Rbxb2 Bxb2 52.Rxb2 Qxc6 53.Qh4 Qc3 54.Qh6+ Qg7 55.Qxd6+ Kg8 56.Rxb5 R3e6
57.Qd2 Rh6+ 58.Kg1 Qg3 59.Rg5+ Qxg5 60.fxg5 Rhe6 61.Qf4 Re1+ 62.Kh2 R1e4
63.Qf5 R4e5 64.Qf4 R8e6 65.Kg3 Re3+ 66.Kh2 R3e4 67.Qf5 Kg7 68.Kh3 R4e5 69.Qf4 Rd5
70.g3 Rg6 71.Kh4 Rgd6 72.Kh3 Rd4 73.Qe5+ Kg6 74.g4 Rd2 75.Qf5+ Kg7 76.Qe5+ Kg8
77.Qe8+ Kg7 78.Qe5+ Kg6 79.Qf5+ Kg7  1/2-1/2

[Event "TCh-ISL Div 1 2015-16"]
[Site "Reykjavik ISL"]
[Date "2015.09.26"]
[Round "3.4"]
[White "Johannesson,Oliver"]
[Black "Kristjansson,St"]
[Result "0-1"]
[WhiteElo "2198"]
[BlackElo "2485"]

1.d4 Nf6 2.c4 e6 3.Nf3 c5 4.d5 d6 5.Nc3 exd5 6.cxd5 g6 7.Bf4 a6 8.a4 Bg7
9.e3 O-O 10.h3 Ne8 11.Be2 Nd7 12.O-O Rb8 13.Re1 Qe7 14.Bh2 Nc7 15.a5 b5 16.axb6 Rxb6
17.Qc2 Rb4 18.Bf1 f5 19.Rab1 Bb7 20.Na2 Rb6 21.b4 Nxd5 22.bxc5 dxc5 23.e4 fxe4
24.Rxe4 Qf6 25.Rxb6 N5xb6 26.Re3 Nd5 27.Qb3 Nb6 28.Nc3 c4 29.Bxc4 Nxc4 30.Qxc4 Qc6
31.Qxc6 Bxc6 32.Nxd5 Bxd5 33.Bd6 Ra8 34.Ne5 a5 35.h4 a4 36.Ba3 Rb8 37.f4 Rb1+
38.Kh2 Bh6 39.Kg3 Bf8 40.Bxf8 Kxf8 41.Nd7+ Kf7 42.Ne5+ Kg7 43.Kh3 Rb3 44.Rxb3 Bxb3
45.Nd3 a3 46.Nc1 Be6+  0-1

[Event "TCh-BEL 2015-16"]
[Site "Belgium BEL"]
[Date "2015.09.27"]
[Round "1.8"]
[White "Groffen,H"]
[Black "Voicu,C"]
[Result "0-1"]
[WhiteElo "2152"]
[BlackElo "2257"]

1.d4 Nf6 2.c4 c5 3.d5 e6 4.Nc3 exd5 5.cxd5 d6 6.Nf3 g6 7.e4 Bg7 8.Bg5 a6
9.Nd2 h6 10.Bh4 O-O 11.Be2 Re8 12.Qc2 b5 13.O-O Qc7 14.Rae1 Nbd7 15.a4 b4
16.Nd1 b3 17.Qb1 Rb8 18.Nc3 Rb4 19.Bg3 Nh7 20.Nc4 Ne5 21.Nxe5 Bxe5 22.Bxe5 dxe5
23.Qd1 Qd6 24.Bd3 Nf6 25.f3 Bd7 26.Qd2 Kg7 27.Ra1 Nh5 28.g3 Rd4 29.Ne2 Rb4
30.Nc3 Nf6 31.Qf2 Rd4 32.Rfd1 Rb8 33.f4 Bg4 34.Be2 Bxe2 35.Qxe2 Rbb4 36.Rf1 Nxe4
37.fxe5 Qxe5 38.Rae1 f5 39.Qxa6 h5 40.Qa7+ Kh6 41.Qf7 Qd6 42.Nb5 Rxb5 43.axb5 h4
44.Qe6 Rxd5 45.Qxd6 Rxd6 46.gxh4 Rb6 47.Rc1 Rxb5 48.Kg2 Rb4 49.Rf3 c4 50.Kh3 c3
51.Rcxc3 Nxc3 52.Rxc3 Kh5 53.Kg3 Rg4+ 54.Kf2 Rxh4 55.Rxb3 Rxh2+ 56.Kg3 Rd2
57.Kf4 Rd4+ 58.Kg3 g5 59.Rb8 Rd3+ 60.Kg2 Kg4 61.b4 Rd2+ 62.Kf1 Rb2 63.b5 Kf3
64.Kg1 g4  0-1

[Event "25th EY BU16 2015"]
[Site "Porec CRO"]
[Date "2015.09.29"]
[Round "8.19"]
[White "Percivaldi,Martin"]
[Black "Eren,Ataberk"]
[Result "1/2-1/2"]
[WhiteElo "2246"]
[BlackElo "1945"]

1.d4 Nf6 2.c4 e6 3.Nf3 c5 4.d5 exd5 5.cxd5 d6 6.Nc3 g6 7.Bf4 a6 8.a4 Bg7
9.h3 O-O 10.e3 Qe7 11.Nd2 Nbd7 12.Be2 Ne8 13.O-O Ne5 14.Bh2 f5 15.Qc2 Rb8
16.Rfe1 Nc7 17.a5 b5 18.axb6 Rxb6 19.f4 Nf7 20.e4 Qf6 21.Nc4 Rxb2 22.Qxb2 Qxc3
23.Qb6 Nb5 24.Kh1 fxe4 25.Rac1 Qd4 26.Na5 Qf2 27.Nc6 Bc3 28.Bg1 Qh4 29.Rf1 Bd2
30.Rcd1 e3 31.Bxb5 axb5 32.Qxb5 Bg4 33.Qd3 Re8 34.Rxd2 exd2 35.Qxd2 Bxh3
36.Bf2 Bxg2+ 37.Kxg2 Qg4+ 38.Kh1 Qh3+ 39.Kg1 Qg4+ 40.Kh1 Qf3+ 41.Kg1 Re2
42.Qa5 Qg4+ 43.Kh1 Re4 44.Qa8+ Kg7 45.Nd8 Nxd8 46.Qxd8 Rxf4 47.Qe7+ Kh6 48.Qe3 Qh5+
49.Kg2 Qxd5+ 50.Kh2 Qh5+ 51.Qh3 Qxh3+ 52.Kxh3 Rf3+ 53.Kg2 Rd3 54.Bg3 Kg7
55.Ra1 Kf6 56.Ra6 Ke6 57.Bf4 h5 58.Rb6 h4 59.Rc6 g5 60.Bh2 Rd2+ 61.Kg1 h3
62.Ra6 c4 63.Rc6 Rg2+ 64.Kh1 Rc2 65.Rxd6+ Kf5 66.Rd4 Rc1+ 67.Bg1 g4 68.Rd5+ Kf6
69.Rd4 Kg5 70.Rd5+ Kh4 71.Rd8 c3 72.Rd3 Kg5 73.Rd4 Kf5 74.Rd5+ Ke4 75.Rd4+ Kf3
76.Rd8 Rc2 77.Rd3+ Kf4 78.Rd4+ Kg3 79.Rd3+ Kh4 80.Rd4 Rd2 81.Rc4 c2 82.Be3 Re2
83.Bf4 Kh5 84.Rc6 g3 85.Bxg3 Kg4 86.Rc3 Rd2 87.Be1 Rg2 88.Bg3 Re2 89.Kg1 Rd2
90.Be1 Re2 91.Bg3 Rg2+ 92.Kh1 Re2 93.Kg1 h2+ 94.Bxh2 Re1+ 95.Kg2 c1=Q 96.Rxc1 Rxc1
97.Bg1 Rc2+ 98.Kh1 Kf3 99.Bh2  1/2-1/2

[Event "25th EY BU16 2015"]
[Site "Porec CRO"]
[Date "2015.09.30"]
[Round "9.6"]
[White "Theodorou,Nikolas"]
[Black "Grela,K"]
[Result "1/2-1/2"]
[WhiteElo "2450"]
[BlackElo "2312"]

1.d4 Nf6 2.c4 c5 3.d5 e6 4.Nf3 exd5 5.cxd5 d6 6.Nc3 g6 7.h3 Bg7 8.Bf4 a6
9.a4 O-O 10.e3 Qe7 11.Be2 Nbd7 12.O-O Re8 13.Re1 b6 14.Nd2 Rd8 15.Bh2 Rb8
16.Qc2 Ne8 17.Rad1 Nc7 18.Nc4 Ne5 19.Na3 f5 20.Kh1 Bd7 21.f4 Nf7 22.Bf3 b5
23.axb5 axb5 24.Ne2 Na6 25.Ng3 c4 26.e4 Nb4 27.Qb1 Nd3 28.Rxd3 cxd3 29.exf5 Qf6
30.fxg6 hxg6 31.Qxd3 Re8 32.Rb1 Bf5 33.Nxf5 Qxf5 34.Qxf5 gxf5 35.Bg1 b4 36.Nc4 b3
37.Na5 Rb4 38.g3 Nd8 39.Bf2 Nb7 40.Nc6 Rc4 41.Bd1 Nc5 42.Kg2 Nd3 43.Bxb3 Rce4
44.Bd1 Nxf2 45.Kxf2 Bd4+ 46.Kg2 Bb6 47.Bh5 Ra8 48.Bf3 Re3 49.g4 Ra4 50.Kg3 Kg7
51.g5 Rc4 52.h4 Re8 53.Rf1 Be3 54.Bg2 Bd2 55.h5 Re3+ 56.Bf3 Re8 57.Bg2 Re3+
58.Bf3 Re8 59.Bg2 Re3+ 60.Bf3  1/2-1/2

[Event "Satka Autumn 2015"]
[Site "Satka RUS"]
[Date "2015.09.30"]
[Round "9.9"]
[White "Figura,L"]
[Black "Nosacheva,Mariya"]
[Result "0-1"]
[WhiteElo "2146"]
[BlackElo "1937"]

1.d4 Nf6 2.c4 e6 3.Nf3 c5 4.d5 exd5 5.cxd5 d6 6.Nc3 g6 7.e4 Bg4 8.Qa4+ Bd7
9.Qb3 Bc8 10.Nd2 a6 11.a4 Nbd7 12.Nc4 Rb8 13.Bf4 Qc7 14.Bd3 Nh5 15.Be3 Bg7
16.O-O O-O 17.Rac1 Ne5 18.Nxe5 Bxe5 19.Ne2 b5 20.axb5 axb5 21.f4 Bg7 22.Nd4 Bd7
23.Be2 Nf6 24.Bf3 Rfe8 25.Qd3 Qb7 26.Nc6 Rbc8 27.Bf2 Bg4 28.Ra1 Bxf3 29.gxf3 Qb6
30.Ra5 Nh5 31.Rfa1 Nxf4 32.Qd2 Nh3+ 33.Kg2 Nxf2 34.Ra6 Nxe4 35.fxe4 Rxc6
36.Rxb6 Rxb6 37.Ra7 b4 38.b3 Rf8 39.Qe2 Be5 40.h4 h5 41.Rc7 Rfb8 42.Kf3 Ra8
43.Ke3 Ra3 44.Qd1 Ra1 45.Qd2 Rh1 46.Kd3 Rh3+ 47.Kc4 Rb8  0-1

[Event "Hong Kong Open 2015"]
[Site "Hong Kong HKG"]
[Date "2015.10.02"]
[Round "3.2"]
[White "Yu,Kaifeng"]
[Black "Zeng,C"]
[Result "1-0"]
[WhiteElo "2130"]
[BlackElo "2517"]

1.d4 Nf6 2.c4 e6 3.Nf3 c5 4.d5 exd5 5.cxd5 d6 6.Nc3 a6 7.a4 g6 8.e4 Bg7 9.h3 O-O
10.Bd3 Re8 11.O-O Nh5 12.Bg5 Bf6 13.Be3 Nd7 14.a5 Ne5 15.Be2 Nxf3+ 16.Bxf3 Ng7
17.Na4 Bd7 18.Nb6 Bb5 19.Nxa8 Bxf1 20.Kxf1 Qxa8 21.Rb1 Qc8 22.Qa4 Be5 23.b4 c4
24.b5 axb5 25.Qxb5 c3 26.Be2 f5 27.f4 c2 28.Rc1 Qc3 29.Qb6 Bf6 30.e5 dxe5
31.Qxf6 Qxe3 32.Rxc2 Qxf4+ 33.Kg1 Qd4+ 34.Kh2 Rf8 35.Qe7 Re8 36.Qf6 Rf8 37.Qd6 e4
38.Rc7 h5 39.Rxb7 f4 40.Qxg6 f3 41.Bc4 Qe5+ 42.g3 Qf6 43.d6+ Kh8 44.Qxf6 Rxf6
45.Rb8+ Kh7 46.d7 Ne6 47.Bxe6 f2 48.d8=Q  1-0

[Event "24th TCh-CRO Div 1b 2015"]
[Site "Bol CRO"]
[Date "2015.10.03"]
[Round "1.53"]
[White "Bilobrk,F"]
[Black "Srbis,J"]
[Result "1-0"]
[WhiteElo "2374"]
[BlackElo "2415"]

1.d4 Nf6 2.c4 e6 3.Nf3 c5 4.d5 exd5 5.cxd5 d6 6.Nc3 g6 7.Bf4 a6 8.a4 Bg7
9.h3 O-O 10.e3 Ne8 11.Be2 Nd7 12.O-O Qe7 13.Re1 h6 14.Bf1 g5 15.Bg3 Rb8 16.a5 b5
17.axb6 Rxb6 18.Qc2 f5 19.Nd2 Rb4 20.Nc4 Qf6 21.f4 Nb6 22.Na5 Rxb2 23.Qxb2 Nxd5
24.Bc4 Qxc3 25.Bxd5+ Kh8 26.Qa2 Nf6 27.Rac1 Nxd5 28.Rxc3 Nxc3 29.Qa3 Ne4
30.Kh2 Bd7 31.Rd1 Rb8 32.Nc4 Be6 33.Qxa6 Rb3 34.Nxd6 Nxg3 35.Kxg3 Rxe3+ 36.Kf2 Bd4
37.Kf1 Bc3 38.Nxf5  1-0

[Event "TCh-ROU Superliga 2015"]
[Site "Mamaia ROU"]
[Date "2015.10.03"]
[Round "1.5"]
[White "Erdos,V"]
[Black "Filip,L"]
[Result "1-0"]
[WhiteElo "2617"]
[BlackElo "2434"]

1.d4 Nf6 2.c4 e6 3.Nf3 c5 4.d5 d6 5.Nc3 exd5 6.cxd5 g6 7.Nd2 Bg7 8.e4 O-O
9.Be2 Na6 10.O-O Ne8 11.Nc4 f5 12.Bf4 g5 13.Bd2 Nac7 14.a4 fxe4 15.Nxe4 h6
16.f4 Bf5 17.Ng3 gxf4 18.Rxf4 Bg6 19.Rxf8+ Bxf8 20.Bh5 Qf6 21.Qg4 Kh7 22.Rf1 Bxh5
23.Qxh5 Qg6 24.Qxg6+ Kxg6 25.Rxf8  1-0

[Event "24th TCh-CRO Div 1a 2015"]
[Site "Bol CRO"]
[Date "2015.10.04"]
[Round "2.26"]
[White "Jovanic,O"]
[Black "Martic,Z"]
[Result "0-1"]
[WhiteElo "2464"]
[BlackElo "2265"]

1.d4 Nf6 2.Nf3 c5 3.d5 e6 4.c4 exd5 5.cxd5 d6 6.Nc3 g6 7.Bf4 Bg7 8.Qa4+ Bd7
9.Qb3 Qc7 10.e4 O-O 11.Nd2 Nh5 12.Be3 f5 13.exf5 gxf5 14.Be2 f4 15.Bxh5 fxe3
16.fxe3 b5 17.Nxb5 Bxb5 18.Qxb5 Qe7 19.Qe2 Bxb2 20.Rb1 Bc3 21.Bf3 Nd7 22.O-O Ne5
23.Ne4 Ba5 24.Bg4 c4 25.Be6+ Kh8 26.Nd2 Qc7 27.Rfc1 Bxd2 28.Qxd2 Rab8 29.Qc3 Rxb1
30.Rxb1 Qg7 31.Kh1 Qf6 32.h3 Qf2 33.a3 Qa2 34.Ra1 Qb3 35.Qd4 Qd3 36.Qxa7 c3
37.Qe7 Ng6 38.Qa7 c2 39.Kh2 Ne5 40.Qe7 Ng6 41.Qa7 Ne5 42.Qe7 Ng6 43.Qa7 Rf2
44.Rg1 Qd2 45.Qb8+ Kg7 46.Qc7+ Kh6 47.Bg8 c1=Q 48.Qxh7+ Kg5 49.h4+ Nxh4  0-1

[Event "Hong Kong Open 2015"]
[Site "Hong Kong HKG"]
[Date "2015.10.04"]
[Round "7.11"]
[White "Wang,Jiaqi"]
[Black "Tang Tsz Sang"]
[Result "1-0"]
[WhiteElo "1942"]
[BlackElo "1811"]

1.d4 c5 2.d5 d6 3.c4 Nf6 4.Nc3 e6 5.Nf3 exd5 6.cxd5 g6 7.Nd2 Nbd7 8.e4 Bg7
9.Be2 O-O 10.O-O a6 11.a4 Re8 12.Qc2 Rb8 13.a5 Qc7 14.h3 Kf8 15.Ra3 Kg8 16.Nc4 Ne5
17.Ne3 c4 18.Kh1 Bd7 19.Bd2 b5 20.axb6 Rxb6 21.Rfa1 Reb8 22.Ncd1 Bb5 23.Ba5 Nh5
24.Bxh5 gxh5 25.Bxb6 Qxb6 26.Nf5 Bf6 27.Rg3+ Ng6 28.Rga3 h4 29.Nc3 Qd8 30.Nxb5 axb5
31.Ra7 Be5 32.Nh6+ Kg7 33.Nxf7 Qf6 34.Nxe5+ Kg8 35.Nxg6 hxg6 36.Qd2 g5 37.Ra8 Rxa8
38.Rxa8+ Kh7 39.Qe2 Kg6 40.Re8 Qf5 41.Re6+ Kg7 42.Qe3  1-0

[Event "Hong Kong Open 2015"]
[Site "Hong Kong HKG"]
[Date "2015.10.05"]
[Round "9.1"]
[White "Laylo,D"]
[Black "Gao Rui"]
[Result "1/2-1/2"]
[WhiteElo "2484"]
[BlackElo "2537"]

1.d4 e6 2.c4 Nf6 3.Nf3 c5 4.d5 exd5 5.cxd5 d6 6.Nc3 g6 7.Bf4 Bg7 8.Qa4+ Bd7
9.Qb3 Qc7 10.e3 O-O 11.Be2 a6 12.Nd2 b5 13.a4 bxa4 14.Qa3 Bb5 15.Nc4 Bxc4
16.Bxc4 Nbd7 17.Qxa4 Nh5 18.Qc6 Qb8 19.Bxd6 Qxb2 20.O-O Rfd8 21.Ne2 Nhf6
22.Bc7 Ne5 23.Qa4 Rxd5 24.Rfb1 Nxc4 25.Rxb2 Nxb2 26.Qc6 Re8 27.Nc3 Rd7 28.Rxa6 Re6
29.Ra8+ Bf8 30.Qxc5 Ne8 31.Qb5 Rxc7 32.Qxb2 Bg7 33.Qb5 Rxc3 34.Rxe8+ Rxe8
35.Qxe8+ Bf8 36.h4 Rc5 37.e4 Kg7 38.g3 h5 39.Kg2 Rc2 40.Qa4 Rd2 41.Qc4 Rd6
42.e5 Re6 43.f4 Kh7 44.g4 hxg4 45.Kg3 Bg7 46.Kxg4 Kg8 47.Qc7 Bh6 48.Kf3 Bg7
49.Ke4 Re8 50.Qd7 Kf8 51.h5 gxh5 52.Qh3 Bxe5 53.fxe5 Re6 54.Qxh5 Ke8 55.Kf5 Ke7
56.Qg5+ Ke8 57.Qg7 Ke7 58.Qg8 Rg6  1/2-1/2

[Event "Hong Kong Open 2015"]
[Site "Hong Kong HKG"]
[Date "2015.10.05"]
[Round "9.11"]
[White "Deng Jing Xin Crystal"]
[Black "Gong,Patrick"]
[Result "0-1"]
[WhiteElo "1587"]
[BlackElo "1907"]

1.d4 Nf6 2.c4 c5 3.d5 e6 4.Nc3 exd5 5.cxd5 d6 6.Nf3 g6 7.h3 Bg7 8.e4 O-O
9.Bd3 b5 10.Nxb5 Re8 11.O-O Nxe4 12.Re1 a6 13.Na3 f5 14.Nc4 Bb7 15.Bc2 a5
16.Bf4 Ba6 17.Bxe4 Bxc4 18.Nd2 Ba6 19.Bf3 Nd7 20.Bxd6 Bxb2 21.Rb1 Bg7 22.Re6 c4
23.Qc2 c3 24.Nf1 Ne5 25.Bxe5 Bxe5 26.Re1 Bd3 27.Rxe8+ Qxe8 28.Qxd3 Bh2+ 29.Kxh2 Qxe1
30.Ne3 f4 31.Nc2 Qxf2 32.Qxc3 Rb8 33.Be4 Rb1 34.h4 h5 35.Kh3 Rh1+  0-1

[Event "TCh-ROU Superliga 2015"]
[Site "Mamaia ROU"]
[Date "2015.10.07"]
[Round "5.1"]
[White "Cioara,A"]
[Black "Lupulescu,C"]
[Result "0-1"]
[WhiteElo "2424"]
[BlackElo "2626"]

1.d4 Nf6 2.c4 e6 3.Nf3 c5 4.d5 d6 5.Nc3 exd5 6.cxd5 g6 7.e4 a6 8.a4 Bg4 9.Be2 Bg7
10.Bf4 O-O 11.O-O Bxf3 12.Bxf3 Ne8 13.Qd2 Nd7 14.Bg5 Nef6 15.Rab1 Re8 16.b4 cxb4
17.Rxb4 Nc5 18.Rc4 Qa5 19.Nb1 Qc7 20.Qb4 Nfd7 21.Rc2 Ne5 22.Be2 Qd7 23.a5 f5
24.f3 fxe4 25.fxe4 Nf7 26.Bf6 Bxf6 27.Rxf6 Rxe4 28.Qd2 Qe7 29.Rf1 Qe5 30.Na3 Re8
31.Bf3 Rd4 32.Qc3 Rd3 33.Qxe5 Nxe5 34.Nc4 Nxc4 35.Rxc4 Ra3 36.Bg4 Rxa5 37.Be6+ Nxe6
38.dxe6 Rc5  0-1

[Event "9th Universidad Central"]
[Site "Bogota COL"]
[Date "2015.10.09"]
[Round "4.34"]
[White "Nieto,M"]
[Black "Estrella Becerra,Fernando"]
[Result "1-0"]
[WhiteElo "2104"]
[BlackElo "1958"]

1.d4 Nf6 2.c4 e6 3.Nf3 c5 4.d5 exd5 5.cxd5 d6 6.Nc3 g6 7.h3 Bg7 8.e4 O-O
9.Bd3 Re8 10.O-O a6 11.a4 b6 12.Bf4 Ra7 13.Nd2 Nh5 14.Bh2 Be5 15.f4 Bd4+
16.Kh1 Ng7 17.Nf3 f5 18.e5 dxe5 19.Nxe5 Rae7 20.Bc4 Qd6 21.Ne2 Bxb2 22.Ra2 Bd4
23.Nxd4 cxd4 24.Bg1 Nh5 25.Qf3 Nf6 26.Bxd4 Kf8 27.Rb2 Nbd7 28.Rfb1 b5 29.axb5 axb5
30.Rxb5 Ba6 31.Rb6 Nxb6 32.Rxb6 Qxb6 33.Bxb6 Bxc4 34.Nxc4 Re1+ 35.Kh2 Rc8
36.Qa3+ Kg7 37.Bd4 Rxc4 38.Bxf6+ Kh6 39.Bg5+ Kg7 40.Qa7+ Kf8 41.Bh6+ Ke8
42.d6  1-0

[Event "9th Universidad Central"]
[Site "Bogota COL"]
[Date "2015.10.09"]
[Round "4.24"]
[White "Hernandez,Crist COL"]
[Black "Andrade Truyol,Geiner Jose"]
[Result "1-0"]
[WhiteElo "2258"]
[BlackElo "1995"]

1.d4 Nf6 2.c4 c5 3.d5 e6 4.Nc3 exd5 5.cxd5 d6 6.Nf3 g6 7.Bf4 Nh5 8.Bg5 Be7
9.Bh6 f5 10.e3 Nd7 11.Be2 Ndf6 12.O-O Ng4 13.Bf4 Nxf4 14.exf4 O-O 15.Re1 a6
16.a4 b6 17.Ra3 Bf6 18.h3 Nh6 19.Bc4 Kh8 20.Qd3 Re8 21.Raa1 Ng8 22.g3 Ra7
23.h4 h6 24.Rxe8 Qxe8 25.Re1 Qd8 26.Ne5 dxe5 27.fxe5 Re7 28.f4 Bg7 29.d6 Re8
30.Bf7 Be6 31.Bxe8 Qxe8 32.Nd5 Bxd5 33.Qxd5 Nf6 34.Qb7 Qe6 35.Kg2 Nd7 36.Qxa6 Bf8
37.Qd3 Kg7 38.Ra1 c4 39.Qd4 Nc5 40.Rc1 Kf7 41.Qxc4 Qxc4 42.Rxc4 Nd7 43.b4 Ke6  1-0

[Event "24th TCh-CRO Div 1b 2015"]
[Site "Bol CRO"]
[Date "2015.10.09"]
[Round "7.23"]
[White "Bilobrk,F"]
[Black "Mrdja,M"]
[Result "1/2-1/2"]
[WhiteElo "2374"]
[BlackElo "2349"]

1.d4 Nf6 2.c4 e6 3.Nf3 c5 4.d5 exd5 5.cxd5 d6 6.Nc3 g6 7.Bf4 a6 8.a4 Bg7
9.h3 O-O 10.e3 Ne8 11.Be2 Nd7 12.O-O Qe7 13.Re1 Nc7 14.Bf1 Rb8 15.e4 Ne5
16.Nxe5 Bxe5 17.Bxe5 Qxe5 18.Qd2 g5 19.g3 Re8 20.Rad1 Qg7 21.e5 Rxe5 22.Rxe5 Qxe5
23.Re1 Qf6 24.Ne4 Qd8 25.Nxg5 Bf5 26.g4 Bg6 27.f4 h6 28.Nf3 Qf6 29.f5 Bh7
30.b3 Re8 31.Rxe8+ Nxe8 32.Kf2 Kg7 33.b4 cxb4 34.Qxb4 Qe7 35.Qd4+ f6 36.a5 Bg8
37.Bc4 Qc7 38.Qe4 Bf7 39.Nd4 Qxa5 40.Ne6+ Kg8 41.Qf4 Kh7 42.Nf8+ Kg7 43.Ne6+ Kh7
44.Nf8+  1/2-1/2

[Event "TCh-ROU Superliga 2015"]
[Site "Mamaia ROU"]
[Date "2015.10.09"]
[Round "7.4"]
[White "Bonte,An"]
[Black "Mateuta,G"]
[Result "1/2-1/2"]
[WhiteElo "2322"]
[BlackElo "2509"]

1.d4 Nf6 2.c4 e6 3.Nf3 c5 4.d5 exd5 5.cxd5 d6 6.Nc3 g6 7.Nd2 Bg7 8.e4 O-O
9.Be2 Nbd7 10.O-O Re8 11.a4 Ne5 12.Qc2 Nh5 13.Bxh5 gxh5 14.Nd1 f5 15.exf5 Ng4
16.Nc4 Rf8 17.Bf4 Rxf5 18.Qd2 Bd4 19.Nc3 Ne5 20.Nxe5 dxe5 21.Be3 b6 22.Qd3 Rf7
23.f4 Bf5 24.Qd2 Qd6  1/2-1/2

[Event "43rd TCh-GRE 2015"]
[Site "Porto Rio GRE"]
[Date "2015.10.10"]
[Round "4.12"]
[White "Magkias,V"]
[Black "Kouskoutis,Georgios-Alexandros"]
[Result "0-1"]
[WhiteElo "1739"]
[BlackElo "2194"]

1.d4 Nf6 2.c4 e6 3.Nf3 c5 4.d5 d6 5.Nc3 exd5 6.cxd5 g6 7.g3 Bg7 8.Bg2 O-O
9.O-O a6 10.a4 Re8 11.Nd2 Nbd7 12.a5 Ne5 13.f4 Neg4 14.Nc4 Bf5 15.h3 Nh6
16.e3 Ne4 17.g4 Nxc3 18.bxc3 Be4 19.Bxe4 Rxe4 20.Qd3 f5 21.g5 Nf7 22.Rb1 Nxg5
23.fxg5 Qxg5+ 24.Kh2 Qh4 25.Rf4 Rxf4 26.exf4 Qf2+ 27.Kh1 Re8 28.Be3 Qf3+
29.Kh2 Bh6 30.Re1 Bxf4+ 31.Bxf4 Qf2+ 32.Kh1 Rxe1+  0-1